Pakistan - Inquilab Ke Dahanay Per / پاکستان انقلاب کے دہانے پر (Urdu) / (Record no. 188069)

000 -LEADER
fixed length control field 00466 a2200157 4500
003 - CONTROL NUMBER IDENTIFIER
control field NUST
005 - DATE AND TIME OF LATEST TRANSACTION
control field 20230321130529.0
040 ## - CATALOGING SOURCE
Transcribing agency Nust
082 ## - DEWEY DECIMAL CLASSIFICATION NUMBER
Classification number 954.91,KHA
100 ## - MAIN ENTRY--PERSONAL NAME
Personal name Khan,Roedad
9 (RLIN) 110872
245 ## - TITLE STATEMENT
Title Pakistan - Inquilab Ke Dahanay Per / پاکستان انقلاب کے دہانے پر (Urdu) /
Statement of responsibility, etc. Roedad Khan
260 ## - PUBLICATION, DISTRIBUTION, ETC.
Place of publication, distribution, etc. Islamabad
Name of publisher, distributor, etc. Oxford Press
Date of publication, distribution, etc. 1998
300 ## - PHYSICAL DESCRIPTION
Extent 321p.;
650 ## - SUBJECT ADDED ENTRY--TOPICAL TERM
Topical term or geographic name entry element Reveloution of Pakistan
9 (RLIN) 110873
942 ## - ADDED ENTRY ELEMENTS (KOHA)
Source of classification or shelving scheme
Koha item type Book
Call number prefix 954.91,KHA
Holdings
Withdrawn status Lost status Source of classification or shelving scheme Damaged status Not for loan Permanent Location Current Location Shelving location Date acquired Full call number Barcode Date last seen Price effective from Koha item type Public note
          Military College of Signals (MCS) Military College of Signals (MCS) General Stacks 12/12/2016 954.91,KHA MCS26519 12/08/2016 12/12/2016 Book Almirah No.66, Shelf No.6
© 2023 Central Library, National University of Sciences and Technology. All Rights Reserved.